Basic comprehension passages; with vocabulary, activities and recall exercises /

Guardado en:
Autor Principal: Byrne, Donn
Formato: Libro
Publicado: Estados Unidos de América : Longman, 1986
Materias:
Etiquetas: Agregar Etiqueta
Sin Etiquetas, Sea el primero en etiquetar este registro!
LEADER 00513nam a22001695a 4500
001 CEM.cems007440
005 20060214000000.0
008 130507s1986##################000#0#####d
003 CEMS
082 0 4 |a 428.64 
100 1 |a Byrne, Donn 
245 1 0 |a Basic comprehension passages; with vocabulary, activities and recall exercises / 
260 |a Estados Unidos de América :  |b Longman,  |c 1986 
300 |a 128 p. 
653 |a Ingles 
653 |a Ingles-textos 
859 |a CEMS  |b BIB. CEMS - 11 de abril  |h 428.64  |i B996  |p 17310.93  |t Ej.1